Statistical process control: theory and practice

Salvato in:
Dettagli Bibliografici
Autori principali: Wetherill, G. Barrie (Autore), Brown, Don W (Autore)
Natura: Libro
Lingua:inglese
Pubblicazione: Londres Chapman and Hall 1991
Soggetti:
Tags: Aggiungi Tag
Nessun Tag, puoi essere il primo ad aggiungerne!!

MARC

LEADER 00000nam a2200000 a 4500
001 UCW1552
003 CL-VaPUC
008 920730e19910000UK |||||||||||||||||eng|d
082 0 4 |a 658.562  |b WET  |2 21 
100 0 |a Wetherill, G. Barrie  |e author  |9 305578 
700 0 |a Brown, Don W  |e author  |9 305579 
245 1 0 |a Statistical process control: theory and practice 
300 |a 400 p 
942 |c BK 
945 |d 19920730 00:00:00 
260 |a Londres  |b Chapman and Hall  |c 1991 
650 0 |a Control de calidad   |9 259714 
650 0 |a Métodos estadísticos   |9 259407 
650 0 |a Administración de empresas   |9 260833 
583 |a last modification  |c 20170407 09:12:37  |k Rodrigo Vera 
999 |c 216428  |d 216426 
952 |0 0  |1 0  |4 0  |6 658_562000000000000_WET_1991  |7 0  |8 A  |9 202145  |a BIBMAT  |b BIBMAT  |d 2019-11-14  |i 2692708  |o 658.562 WET 1991  |p 2692708  |r 2025-01-07  |w 2019-11-14  |y BK  |k MAT 
952 |0 0  |1 0  |4 0  |6 658_562000000000000_WET_1991  |7 0  |8 A  |9 202146  |a BIBMAT  |b BIBMAT  |d 2019-11-14  |i 1494813  |o 658.562 WET 1991  |p 1494813  |r 2025-01-07  |w 2019-11-14  |y BK  |k MAT